द हिरो ऑफ टायगर हिल (Record no. 370201)

MARC details
000 -LEADER
fixed length control field 01214 a2200157 4500
003 - CONTROL NUMBER IDENTIFIER
control field OSt
005 - DATE AND TIME OF LATEST TRANSACTION
control field 20260206140805.0
008 - FIXED-LENGTH DATA ELEMENTS--GENERAL INFORMATION
fixed length control field 260206b |||||||| |||| 00| 0 eng d
020 ## - INTERNATIONAL STANDARD BOOK NUMBER
International Standard Book Number 989395664790
100 ## - MAIN ENTRY--PERSONAL NAME
Personal name जोग एस
9 (RLIN) 216656
245 ## - TITLE STATEMENT
Title द हिरो ऑफ टायगर हिल
260 ## - PUBLICATION, DISTRIBUTION, ETC. (IMPRINT)
Name of publisher, distributor, etc. भारतीय विचार साधना प्रकाशन
Date of publication, distribution, etc. 2024
Place of publication, distribution, etc. पुणे
300 ## - PHYSICAL DESCRIPTION
Extent 184pp.
520 ## - SUMMARY, ETC.
Summary, etc. हे कारगिल युद्धातील सर्वात तरुण परमवीर चक्र विजेते योगेंद्र सिंह यादव यांच्या जीवनावरील मराठी पुस्तक आहे. यात त्यांनी केवळ १९ व्या वर्षी १५ गोळ्या लागूनही, प्रचंड जखमी अवस्थेत शत्रूच्या बंकरवर ताबा मिळवून कशा प्रकारे ऐतिहासिक विजय मिळवला, याचा थरारक आत्मकथनपर वृत्तांत दिला आहे।
942 ## - ADDED ENTRY ELEMENTS (KOHA)
Koha item type Books
Source of classification or shelving scheme Dewey Decimal Classification
Holdings
Withdrawn status Lost status Source of classification or shelving scheme Damaged status Not for loan Collection code Home library Current library Date acquired Vendor Cost, normal purchase price Total Checkouts Barcode Date last seen Cost, replacement price Bill Date Koha item type Original Barcode
    Dewey Decimal Classification     MCA MKSSS s K.B. Joshi Institute of Information Technology Library MKSSS s K.B. Joshi Institute of Information Technology Library 03/02/2026 188 210.00   KBJP-BK-3015 03/02/2026 300.00 03/02/2026 Books 3015